000 00669nam a2200217 a 4500
001 4381733
005 20241214133537.0
008 910214s1992 iaua b 001 0 eng
020 _a9780697097163
050 0 0 _aQP36
_b.V36 1992
082 0 0 _a612
_220
100 1 _aVan De Graaff, Kent M.
_q(Kent Marshall),
_d1942-
245 1 0 _aConcepts of human anatomy and physiology /
_cKent M. Van De Graff, Stuart Ira Fox.
250 _a3rd ed.
260 _aDubuque, IA :
_bW.C. Brown,
_cc1992.
300 _axx, 950 p. :
_bill. (some col.) ;
_c29 cm.
650 0 _aHuman physiology.
650 0 _aHuman anatomy.
700 1 _aFox, Stuart Ira.
942 _2lcc
_cBK
_e3rd ed.
_n0
999 _c2216
_d2216